000 01154nam a22003257a 4500
003 CHAP
005 20220329142330.0
008 000731d2000 mx r 00110 spa d
010 _a81886
011 _a82858
035 _a93363
040 _cCHAP
090 _aTesis
100 0 0 _aGarcía Chávez, Erika.
_945858
245 1 0 _aFitoquímica y validación experimental del efecto hipoglucemiante de Parkinsonia aculeata L. (retama)
_c/por Erika García Chávez
260 _aChapingo, Méx. :
_bEl autor,
_c2000.
300 _a52 h. ;
_bgráfs.
502 _aTesis (Lic. en Químico Farmacobiólogo) -- Universidad Autónoma de San Luis Potosí. Facultad de Ciencias Químicas
590 _aALEPH
_b10
_c20130110
_lUCH01
_h1436
590 _aBATCH-UPD
_b10
_c20130110
_lUCH01
_h0332
590 _aBATCH-UPD
_b10
_c20130410
_lUCH01
_h0005
590 _aBATCH-UPD
_b10
_c20130914
_lUCH01
_h1527
590 _aCONVERSION
_b10
_c20130109
_lUCH01
_h1345
650 1 4 _aParkinsonia aculeata.
_985633
650 1 4 _aTecoma stans.
_9111975
901 _aBK
905 _aAlejandra Carrasco M.
942 _cTESIS
949 _bBC
_cTES
_d933631
_eTS1
_h36711
_i93363
_sb
999 _c81886
_d81886